000 00644nam a2200217Ia 4500
005 20250508170033.0
008 008 250505s9999 xx 000 0 eng d
020 _a81-7450-473-7
037 _aTextual
040 _aFEDL
_beng
_cFEDL
041 _aeng
_2eng
084 _a373.238, WHI
_qFEDL
100 _aWhite Roger
245 0 _aIn and out of school: The ROSLA community education project
260 _aLondon, UK
_bRoutledge and Kegan Paul
_c1978
300 _a201p.
546 _aGifted by Prof. Anita Rampal
700 _a Brockington David
_9782792
942 _cTEXL
_h373.238, WHI
999 _c1398835
_d1398835